<?xml version="1.0" encoding="UTF-8"?>
<record
    xmlns:xsi="http://www.w3.org/2001/XMLSchema-instance"
    xsi:schemaLocation="http://www.loc.gov/MARC21/slim http://www.loc.gov/standards/marcxml/schema/MARC21slim.xsd"
    xmlns="http://www.loc.gov/MARC21/slim">

  <leader>00570nam a22001577a 4500</leader>
  <controlfield tag="003">OSt</controlfield>
  <controlfield tag="005">20151208163759.0</controlfield>
  <controlfield tag="008">151208b        xxu||||| |||| 00| 0 eng d</controlfield>
  <datafield tag="040" ind1=" " ind2=" ">
    <subfield code="c">RUA</subfield>
  </datafield>
  <datafield tag="082" ind1=" " ind2=" ">
    <subfield code="a">ATM LAY 2008 B195 Or.1</subfield>
  </datafield>
  <datafield tag="100" ind1=" " ind2=" ">
    <subfield code="9">4558</subfield>
    <subfield code="a">LAY, SEAKHUN</subfield>
  </datafield>
  <datafield tag="245" ind1=" " ind2=" ">
    <subfield code="a">Effects of irrigation methods on tomato yields, &#x17A5;&#x1791;&#x17D2;&#x1792;&#x17B7;&#x1796;&#x179B;&#x1793;&#x17C3;&#x179C;&#x17B7;&#x1792;&#x17B8;&#x179F;&#x17B6;&#x179F;&#x17D2;&#x178F;&#x17D2;&#x179A;&#x179F;&#x17D2;&#x179A;&#x17C4;&#x1785;&#x179F;&#x17D2;&#x179A;&#x1796;&#x1791;&#x17C5;&#x179B;&#x17BE;&#x1791;&#x17B7;&#x1793;&#x17D2;&#x1793;&#x1795;&#x179B;&#x178A;&#x17C6;&#x178E;&#x17B6;&#x17C6;&#x1794;&#x17C9;&#x17C1;&#x1784;&#x1794;&#x17C9;&#x17C4;&#x17C7;</subfield>
  </datafield>
  <datafield tag="260" ind1=" " ind2=" ">
    <subfield code="a">Phnom Penh</subfield>
    <subfield code="b">RUA</subfield>
    <subfield code="c">2008</subfield>
  </datafield>
  <datafield tag="300" ind1=" " ind2=" ">
    <subfield code="a">xi, 51p.</subfield>
    <subfield code="b">ill.</subfield>
    <subfield code="c">29cm.</subfield>
  </datafield>
  <datafield tag="942" ind1=" " ind2=" ">
    <subfield code="2">ddc</subfield>
    <subfield code="c">ATM</subfield>
  </datafield>
  <datafield tag="999" ind1=" " ind2=" ">
    <subfield code="c">4247</subfield>
    <subfield code="d">4247</subfield>
  </datafield>
  <datafield tag="952" ind1=" " ind2=" ">
    <subfield code="0">0</subfield>
    <subfield code="1">0</subfield>
    <subfield code="2">ddc</subfield>
    <subfield code="4">0</subfield>
    <subfield code="6">ATM_LAY_2008_000000000000000_B195_OR_1</subfield>
    <subfield code="7">0</subfield>
    <subfield code="9">21460</subfield>
    <subfield code="a">LBB</subfield>
    <subfield code="b">LBB</subfield>
    <subfield code="d">2015-12-08</subfield>
    <subfield code="l">1</subfield>
    <subfield code="o">ATM LAY 2008 B195 Or.1</subfield>
    <subfield code="p">RUA009445</subfield>
    <subfield code="r">2018-11-14</subfield>
    <subfield code="s">2018-11-13</subfield>
    <subfield code="w">2015-12-08</subfield>
    <subfield code="y">ATM</subfield>
  </datafield>
  <datafield tag="952" ind1=" " ind2=" ">
    <subfield code="0">0</subfield>
    <subfield code="1">0</subfield>
    <subfield code="2">ddc</subfield>
    <subfield code="4">0</subfield>
    <subfield code="6">ATM_LAY_2008_000000000000000_B195_OR_2</subfield>
    <subfield code="7">0</subfield>
    <subfield code="9">21461</subfield>
    <subfield code="a">LBB</subfield>
    <subfield code="b">LBB</subfield>
    <subfield code="d">2015-12-08</subfield>
    <subfield code="l">1</subfield>
    <subfield code="o">ATM LAY 2008 B195 Or.2</subfield>
    <subfield code="p">RUA009589</subfield>
    <subfield code="r">2019-03-06</subfield>
    <subfield code="s">2019-02-08</subfield>
    <subfield code="w">2015-12-08</subfield>
    <subfield code="y">ATM</subfield>
  </datafield>
  <datafield tag="952" ind1=" " ind2=" ">
    <subfield code="0">0</subfield>
    <subfield code="1">0</subfield>
    <subfield code="2">ddc</subfield>
    <subfield code="4">0</subfield>
    <subfield code="6">ATM_LAY_2008_000000000000000_B195_OR_3</subfield>
    <subfield code="7">0</subfield>
    <subfield code="9">21462</subfield>
    <subfield code="a">LBB</subfield>
    <subfield code="b">LBB</subfield>
    <subfield code="d">2015-12-08</subfield>
    <subfield code="l">2</subfield>
    <subfield code="o">ATM LAY 2008 B195 Or.3</subfield>
    <subfield code="p">RUA009383</subfield>
    <subfield code="r">2023-11-24</subfield>
    <subfield code="s">2023-11-10</subfield>
    <subfield code="w">2015-12-08</subfield>
    <subfield code="y">ATM</subfield>
  </datafield>
  <datafield tag="952" ind1=" " ind2=" ">
    <subfield code="0">0</subfield>
    <subfield code="1">0</subfield>
    <subfield code="2">ddc</subfield>
    <subfield code="4">0</subfield>
    <subfield code="6">ATM_LAY_2008_000000000000000_B195_OR_4</subfield>
    <subfield code="7">0</subfield>
    <subfield code="9">21463</subfield>
    <subfield code="a">LBB</subfield>
    <subfield code="b">LBB</subfield>
    <subfield code="d">2015-12-08</subfield>
    <subfield code="o">ATM LAY 2008 B195 Or.4</subfield>
    <subfield code="p">RUA009538</subfield>
    <subfield code="r">2015-12-08</subfield>
    <subfield code="w">2015-12-08</subfield>
    <subfield code="y">ATM</subfield>
  </datafield>
  <datafield tag="952" ind1=" " ind2=" ">
    <subfield code="0">0</subfield>
    <subfield code="1">0</subfield>
    <subfield code="2">ddc</subfield>
    <subfield code="4">0</subfield>
    <subfield code="6">ATM_LAY_2008_000000000000000_B195_OR_5</subfield>
    <subfield code="7">0</subfield>
    <subfield code="9">21464</subfield>
    <subfield code="a">LBB</subfield>
    <subfield code="b">LBB</subfield>
    <subfield code="d">2015-12-08</subfield>
    <subfield code="l">2</subfield>
    <subfield code="o">ATM LAY 2008 B195 Or.5</subfield>
    <subfield code="p">RUA009600</subfield>
    <subfield code="r">2019-07-15</subfield>
    <subfield code="s">2019-06-26</subfield>
    <subfield code="w">2015-12-08</subfield>
    <subfield code="y">ATM</subfield>
  </datafield>
  <datafield tag="952" ind1=" " ind2=" ">
    <subfield code="0">0</subfield>
    <subfield code="1">0</subfield>
    <subfield code="2">ddc</subfield>
    <subfield code="4">0</subfield>
    <subfield code="6">ATM_LAY_2008_000000000000000_B195_OR_6</subfield>
    <subfield code="7">0</subfield>
    <subfield code="9">21465</subfield>
    <subfield code="a">LBB</subfield>
    <subfield code="b">LBB</subfield>
    <subfield code="d">2015-12-08</subfield>
    <subfield code="l">1</subfield>
    <subfield code="o">ATM LAY 2008 B195 Or.6</subfield>
    <subfield code="p">RUA009466</subfield>
    <subfield code="r">2023-11-24</subfield>
    <subfield code="s">2023-11-10</subfield>
    <subfield code="w">2015-12-08</subfield>
    <subfield code="y">ATM</subfield>
  </datafield>
  <datafield tag="952" ind1=" " ind2=" ">
    <subfield code="0">0</subfield>
    <subfield code="1">0</subfield>
    <subfield code="2">ddc</subfield>
    <subfield code="4">0</subfield>
    <subfield code="6">ATM_LAY_2008_000000000000000_B195_OR_7</subfield>
    <subfield code="7">0</subfield>
    <subfield code="9">21466</subfield>
    <subfield code="a">LBB</subfield>
    <subfield code="b">LBB</subfield>
    <subfield code="d">2015-12-08</subfield>
    <subfield code="l">5</subfield>
    <subfield code="o">ATM LAY 2008 B195 Or.7</subfield>
    <subfield code="p">RUA009394</subfield>
    <subfield code="r">2019-09-04</subfield>
    <subfield code="s">2019-08-30</subfield>
    <subfield code="w">2015-12-08</subfield>
    <subfield code="y">ATM</subfield>
  </datafield>
</record>
